000 00959cam a22003137a 4500
003 CHAP
005 20220329142613.0
008 010926d2000 mx r 00110 spa d
010 _a85573
011 _a86545
020 _a0471555797
035 _a97084
040 _cCHAP
082 0 4 _a526.8
_bR62 1995
100 0 0 _aRobinson, Arthur H.
_997972
245 1 0 _aElements of cartography
_c/by Arthur H. Robinson (and others)
250 _a6ed.
260 _aNew York :
_bJohn Wiley & Sons,
_c1995.
300 _a674 p. :
_bilus.
590 _aBATCH-UPD
_b10
_c20130110
_lUCH01
_h2031
590 _aBATCH-UPD
_b10
_c20130410
_lUCH01
_h0035
590 _aBATCH-UPD
_b10
_c20130914
_lUCH01
_h0854
590 _aCONVERSION
_b10
_c20130109
_lUCH01
_h1348
650 1 4 _aCartografía.
_919644
901 _aBK
905 _aAlejandra Carrasco M.
942 _cLIBRO
949 _a526.8 R62 1995
_bBC
_cLIBRO
_d33724000863379
_eLIBRO
_h102325
_i97084
_kI.213560
_si
_t$ 880.00
999 _c85573
_d85573